01181cam a22002531 450000100060000000300080000600500170001400800410003103500190007204000320009104100080012308200220013124501410015326000410029430000210033565000510035665000270040770000310043494200120046599900170047795201410049495201470063595201450078221716BD-RjUL20211209000723.0140305s1966 enk 000 0 eng d a(BD-RjUL)21781 aDLCcDLCdDLCdBD-RjULbeng aeng00a821.009bPOE 1966 0aPoems and critics :ban anthology of poetry and criticism from Shakespeare to Hardy /cedited with an introduction by Christopher Ricks. aLondon ;aGlasgow :bCollins,c1966. a224 p. ;c20 cm. 0aEnglish poetry xHistory and criticism.954587 0aEnglish poetry.9670641 aRicks, Christopher,957324 2ddccBK c21716d21716 00102ddc40708FICaRUCLbRUCLcStackd1973-10-08eIdeal Libraryg13.75l0o821.009 POE 1966r2014-03-05 00:00:00tC-3w2014-03-05yBK 00102ddc40718NFICaRUCLbRUCLcReadingd1973-02-08eIdial lab. Dhakag27.00l0o821.009 POE 1966r2020-03-03 00:00:00tC-1w2020-03-03yBK 00102ddc40708NFICaRUCLbRUCLcStackd1973-02-08eIdial lab. Dhakag27.50l0o821.009 POE 1966r2020-03-03 00:00:00tC-2w2020-03-03yBK